| 000 | 00636nam a2200217Ia 4500 | ||
|---|---|---|---|
| 005 | 20250508165017.0 | ||
| 008 | 008 250505s9999 xx 000 0 eng d | ||
| 020 | _a1-85109-087-8 | ||
| 037 | _aTextual | ||
| 040 |
_aFEDL _beng _cFEDL |
||
| 041 |
_aeng _2eng |
||
| 084 |
_a158.2, JON _qFEDL |
||
| 100 |
_aJones Warren H Ed. _9779697 |
||
| 245 | 0 | _aAdvances in personal relationships: A research annual. Vol 3 | |
| 260 |
_aLondon, UK _bJessica Kingsley Publishers _c1991 |
||
| 300 | _axvii, | ||
| 546 | _aMACESE | ||
| 700 |
_a Perlman Daniel Ed. _9779698 |
||
| 942 |
_cTEXL _h158.2, JON |
||
| 999 |
_c1392640 _d1392640 |
||